F1 Awards 2024 - Statistics

General Stats
  • This quiz has been taken 19 times
  • The average score is 38 of 44
Answer Stats
Grand Prix Pirelli Pole Position Award Driver of the Day DHL Fastest Pitstop Award (Team) DHL Fastest Lap Award % Correct
Bahrain 2024 Max Verstappen Carlos Sainz Ferrari Max Verstappen
100%
Saudi Arabia 2024 Max Verstappen Oliver Bearman Red Bull Charles Leclerc
100%
Australia 2024 Max Verstappen Carlos Sainz Red Bull Charles Leclerc
100%
Japan 2024 Max Verstappen Charles Leclerc Red Bull Max Verstappen
100%
China 2024 Max Verstappen Lando Norris Red Bull Fernando Alonso
100%
Miami 2024 Max Verstappen Lando Norris Ferrari Oscar Piastri
100%
Imola 2024 Max Verstappen Lando Norris Red Bull George Russell
100%
Austria 2024 Max Verstappen Lando Norris Ferrari Fernando Alonso
100%
Belgium 2024 Max Verstappen Lewis Hamilton Mclaren Sergio Perez
100%
Qatar 2024 Max Verstappen Zhou Guanyu Red Bull Lando Norris
100%
Max Verstappen
100%
Mclaren
100%
Red Bull
100%
Monaco 2024 Charles Leclerc Charles Leclerc Red Bull Lewis Hamilton
93%
Azerbaijan 2024 Charles Leclerc Oscar Piastri Kick Sauber Lando Norris
93%
Charles Leclerc
93%
Ferrari
93%
Spain 2024 Lando Norris Lando Norris Red Bull Lando Norris
93%
Hungary 2024 Lando Norris Oscar Piastri Racing Bulls George Russell
93%
Netherlands 2024 Lando Norris Lando Norris Racing Bulls Lando Norris
93%
Italy 2024 Lando Norris Charles Leclerc Alpine Lando Norris
93%
Singapore 2024 Lando Norris Daniel Ricciardo Mclaren Daniel Ricciardo
93%
USA 2024 Lando Norris Charles Leclerc Mclaren Esteban Ocon
93%
Brazil 2024 Lando Norris Max Verstappen Kick Sauber Max Verstappen
93%
Abu Dhabi 2024 Lando Norris Charles Leclerc Mclaren Kevin Magnussen
93%
Lando Norris
93%
Lewis Hamilton
93%
Oscar Piastri
93%
Sergio Perez
93%
Mexico 2024 Carlos Sainz Carlos Sainz Mclaren Charles Leclerc
87%
Carlos Sainz
87%
Canada 2024 George Russell Lando Norris Ferrari Lewis Hamilton
87%
Britain 2024 George Russell Lewis Hamilton Red Bull Carlos Sainz
87%
Las Vegas 2024 George Russell Lewis Hamilton Red Bull Lando Norris
87%
George Russell
87%
Daniel Ricciardo
67%
Fernando Alonso
67%
Esteban Ocon
60%
Alpine
53%
Kevin Magnussen
53%
Kick Sauber
47%
Oliver Bearman
47%
Racing Bulls
47%
Zhou Guanyu
47%
No matching quizzes found
Score Distribution
Percent of People with Each Score
Percentile by Number Answered
Your Score History
You have not taken this quiz